000 00798cam a2200253 a 4500
001 21787
003 BD-RjUL
005 20211209000729.0
008 140305t1956 e 001 0 eng c
035 _a(BD-RjUL)21852
040 _aYMM
_cYMM
_dEQO
_dBD-RjUL
_beng
041 _aeng
082 0 4 _a928.4
_bMAV 1956
100 1 _aMaurois, André,
_d1885-1967.
_967274
245 1 0 _aVictor Hugo /
_ctranslated from the French by Gerard Hopkins.
260 _aLondon :
_bJ. Cape,
_c1956.
300 _a540 p. :
_bill. ;
_c24 cm.
500 _aTranslation of Olympio; ou, La vie de Victor Hugo.
504 _aIncludes bibliographical reference and index.
600 1 0 _aHugo, Victor,
_d1802-1885.
_967282
700 1 _aHopkins, Gerard,
_d1892-1961.
_967276
942 _2ddc
_cBK
999 _c21787
_d21787